00742nam a22001697a 4500008004100000040001800041041000800059100004400067245013200111260005600243300001700299500006200316600004400378600007300422610002300495610005400518130821s1916 ck gr spa  aCo-BoUCMbspa00aspa aCarrasquilla, Rafael Maríad1857-193000aSobre el modernismobconferencias cuaresmales predicadas en la Catedral de BogotácPor Monseñor Rafael María Carrasquilla aBogotá (Colombia)bImprenta de San Bernardoc1916 a30 páginas aEste libro se encuentra en el depósito de la biblioteca aCarrasquilla, Rafael Maríad1857-1930 aCarrasquilla, Rafael Maríad1857-1930vEnsayos, conferencias, etc. aIglesia Católica aIglesia CatólicavCongresos, conferencias, etc.